000 00868nam a22002417a 4500
003 MX-MxUPN
005 20250822135058.0
007 cr |||aaa|||||
008 231208s2022 cl| |||fo|||| 000 0 spa d
040 _aMX-MxUPN
_bspa
_cMX-MxUPN
_eaacr2
050 4 0 _aHQ799.2 I5
100 1 _aOrduz, Rafael
_950699
100 1 _aChandro Ramírez, Juan Carlos,
_d1963-
_937583
245 1 0 _aVida digital, jóvenes y tejidos territoriales
_h[recurso electrónico en línea]
260 _aSantiago :
_bComisión Económica para América Latina y el Caribe,
_c2022
300 _a1 recurso en línea (60 páginas) :
_bPDF
490 0 _aSerie estudios y perspectivas ;
_v40
506 0 _aAcceso abierto.
650 4 _950698
_aTecnología y juventud
_zColombia
856 4 0 _uhttps://hdl.handle.net/11362/47805
902 _aVíctorGodínez/081223
942 _2lcc
_cLIBRO-E
999 _c210692
_d210692